000 00947nas a2200325 4500
001 BR0203273
003 BR-BrBNA
005 20231205103051.0
007 ta
008 230509b bl.|||p| |||| 00| 00por d
040 _aBR-BrBNA
_bpor
_cBiblioteca Nacional de Agricultura
041 _a(Pt)
072 _aF50
100 1 _aCitadin, I.
100 1 _aRaseira, M. do C.B.
100 1 _aHerter, F.G.
100 1 _aSilva, J.B. da
100 1 _aQuezada, A.C.
100 1 _aSilveira, C.A.P.
245 1 _aEstádio da meiose do micrósporo como marcador do final da endodormência em pessegueiro
650 _aPESSÊGO
650 _aMEIOSE
650 _aVERNALIZAÇÃO
650 _aMARCADOR GENÉTICO
650 _aCALOR
650 _aPOLÉN
773 0 _tRevista Brasileira de Fruticultura (Brazil)
_xISSN 0100-2945
_g(Apr 2002), v. 24(1) p. 23-28
_wBR0203273
909 _a202311
_bLúcia
_c55
_dLúcia Elande
942 _2AGRIS
_n0
_cANA
999 _c170873
_d170873